| 000 | 00697 a2200229 4500 | ||
|---|---|---|---|
| 003 | Nust | ||
| 005 | 20170207171532.0 | ||
| 010 | _a 2004114972 | ||
| 020 | _a0321304543 (pbk.) | ||
| 035 | _a(OCoLC)ocm57382448 | ||
| 040 | _cNust | ||
| 082 | 0 | 0 | _a005.8 |
| 100 | 1 | _aSzor, Peter. | |
| 245 | 1 | 4 |
_aThe art of computer virus research and defense (EBOOK) _cPeter Szor. |
| 246 | 3 | 0 | _aComputer virus research and defense |
| 260 |
_aUpper Saddle River, NJ : _bAddison-Wesley, _c2005. |
||
| 300 |
_axxvii, 713 p. : _bill. ; _c24 cm. |
||
| 650 | 0 | _aComputer security. | |
| 650 | 0 | _aComputer viruses. | |
| 651 | _aEBOOK | ||
| 856 | 4 | 2 |
_3Book review (E-STREAMS) _uhttp://www.e-streams.com/es0909/es0909_4469.html |
| 942 |
_2ddc _cBK |
||
| 999 |
_c217081 _d217081 |
||